| 000 | 006670000a22001810004500 | ||
|---|---|---|---|
| 090 |
_aAR _b01982 |
||
| 245 | 1 | 0 | _aStudi sui Cicindelidi. XL. "Mémoire sur l'Eurychile" di Franco Andrea Bonelli e attuali conoscenze sul genere Therates Lattreille (<Coleoptera, Cicindelidae>) |
| 650 | 1 | 4 |
_aEntomología _94483 |
| 650 | 1 | 4 |
_aColeópteros _97857 |
| 650 | 1 | 4 |
_aTaxonomía animal _98245 |
| 650 | 1 | 4 |
_aMorfología animal _99953 |
| 651 | 4 |
_pItalia _992749 |
|
| 653 |
_fCicindelidae _gTherates |
||
| 041 | 0 | _aItaliano | |
| 100 | 1 |
_aPiera, F. Martín _94487 |
|
| 942 | _cARTICULO | ||
| 773 | 1 |
_tBollettino del Museo Regionale di Scienze Naturali Torino _3667 _h2 _q499-514 _d1985 _g3 |
|
| 999 |
_c11059 _d11059 |
||